000 01990cam a2200325 a 4500
999 _c18383
_d18383
001 16569904
005 20161217115053.0
008 101207s2011 vaua b 000 0 eng
010 _a 2010051589
020 _a9781578646685 (soft cover : alk. paper)
020 _a1578646685 (soft cover : alk. paper)
035 _a(OCoLC)ocn694080460
040 _aDLC
_beng
_cDLC
_dVAMVE
_dDLC
043 _ae-uk-en
_an-us-ma
050 0 0 _aNK3443
_b.A53 2011
100 1 _aAnderson, Judy,
_d1957-
245 1 0 _aGlorious splendor :
_bthe 18th-century wallpapers in the Jeremiah Lee Mansion in Marblehead, Massachusetts /
_cby Judy Anderson.
246 3 0 _a18th-century wallpapers in the Jeremiah Lee Mansion in Marblehead, Massachusetts
260 _aVirginia Beach, VA :
_bDonning Co. Publishers,
_c2011.
300 _a96 p. :
_bcol. ill. ;
_c26 cm.
504 _aIncludes bibliographical references.
505 0 _aIntroduction -- The Lee Mansion and its wallpapers -- The scenic mural papers -- Other 18th c. English painted mural -- Manufacturer -- Painted wallpapers in the Lee Mansion rooms -- Block-printed wallpapers in the Lee Mansion -- Block-printed wallpapers in Lee Mansion rooms -- Epilogue. End of Lee family in their mansion -- Lee Mansion history & preservation after 1775 -- Conclusion -- Appendix. Wallpaper preservation -- Appendix. Woodwork paint colors.
610 2 0 _aJeremiah Lee Mansion (Marblehead, Mass.)
650 0 _aWallpaper
_zEngland
_xHistory
_y18th century.
650 0 _aInterior walls
_xDecoration
_zMassachusetts
_zMarblehead.
942 _2lcc
_cBOOKS
_hNK3443 .A53 2011